|
|
|
|
| LEADER |
00923nam a2200325 4500 |
| 001 |
DLU080062960 |
| 005 |
##20080808 |
| 008 |
##041025s2006 maua b 001 0 eng |
| 010 |
# |
# |
|a 2004061071
|
| 020 |
# |
# |
|a 0072967390 (pbk. : alk. paper)
|
| 040 |
# |
# |
|a DLC
|c DLC
|d DLC
|
| 050 |
# |
# |
|a BF713
|b .S26 2006
|
| 082 |
# |
# |
|a 155
|b SA-J
|
| 100 |
# |
# |
|a Santrock, John W.
|
| 245 |
# |
# |
|a Life-span development /
|c John W. Santrock.
|
| 250 |
# |
# |
|a 10th ed.
|
| 260 |
# |
# |
|a Boston, Mass. :
|b McGraw-Hill,
|c c2006.
|
| 300 |
# |
# |
|a xl,655, [128] p. :
|b ill. (chiefly col.) ;
|c 28 cm.
|
| 504 |
# |
# |
|a Includes bibliographical references (p. R-1-R-84) and indexes.
|
| 650 |
# |
# |
|a Developmental psychology
|v Textbooks.
|
| 923 |
# |
# |
|a 10/2008
|
| 992 |
# |
# |
|a 43000
|
| 994 |
# |
# |
|a DLU
|
| 900 |
# |
# |
|a True
|
| 911 |
# |
# |
|a Đào Thị Thu Huyền
|
| 925 |
# |
# |
|a G
|
| 926 |
# |
# |
|a A
|
| 927 |
# |
# |
|a SH
|
| 980 |
# |
# |
|a Thư viện Trường Đại học Đà Lạt
|